ბათუმის შოთა რუსთაველის სახელმწიფო უნივერსიტეტის ბიბლიოთეკა

კარიბჭე №22(343) 2-15 ნოემბერი 2017 (ბიბ.ჩანაწერი № 54353)

000 -LEADER
fixed length control field 00864nam a2200229Ia 4500
001 - CONTROL NUMBER
control field 21409
003 - CONTROL NUMBER IDENTIFIER
control field GE_BSU
008 - FIXED-LENGTH DATA ELEMENTS--GENERAL INFORMATION
fixed length control field 181216s||||||||xx |||||||||||||| ||und||
040 ## - CATALOGING SOURCE
Transcribing agency GE_BSU
080 ## - UNIVERSAL DECIMAL CLASSIFICATION NUMBER
Universal Decimal Classification number პერიოდიკა
245 ## - TITLE STATEMENT
Title კარიბჭე №22(343) 2-15 ნოემბერი 2017
245 ## - TITLE STATEMENT
Remainder of title მართლმადიდებლური ჟურნალი.
245 ## - TITLE STATEMENT
Statement of responsibility, etc. მთავარი რედაქტორი: თამარ მამაცაშვილი.
260 ## - PUBLICATION, DISTRIBUTION, ETC.
Place of publication, distribution, etc. თბილისი
260 ## - PUBLICATION, DISTRIBUTION, ETC.
Date of publication, distribution, etc. 2017
300 ## - PHYSICAL DESCRIPTION
Extent 50 გვ. : ილ. ; 28სმ.
653 ## - INDEX TERM--UNCONTROLLED
Uncontrolled term კარიბჭე №22(343) 2-15 ნოემბერი 2017
653 ## - INDEX TERM--UNCONTROLLED
Uncontrolled term პერიოდიკა
653 ## - INDEX TERM--UNCONTROLLED
Uncontrolled term რელიგია
653 ## - INDEX TERM--UNCONTROLLED
Uncontrolled term საეკლესიო ჟურნალი
942 ## - ADDED ENTRY ELEMENTS (KOHA)
Koha item type პერიოდიკა
ეგზემპლარები
Withdrawn status Lost status Damaged status Not for loan Date acquired Barcode Date last seen Price effective from Koha item type
        2018-12-17 78824 2018-12-17 2018-12-17 პერიოდიკა